|
|
|
|
| LEADER |
02716nam a2200625 a 4500 |
| 001 |
nkc20122380363 |
| 003 |
CZ PrNK |
| 005 |
20120911075958.0 |
| 007 |
ta |
| 008 |
120713s2012 xr ae e f 000 0 cze |
| 015 |
|
|
|a cnb002380363
|
| 020 |
|
|
|a 978-80-260-2798-0
|q (v knize neuvedeno :
|q brož.)
|
| 035 |
|
|
|a (OCoLC)815381321
|
| 040 |
|
|
|a OLA001
|b cze
|d ABA001
|
| 043 |
|
|
|a e-xr---
|b e-xr-pl
|2 czenas
|
| 045 |
|
|
|a u-y1
|
| 072 |
|
7 |
|a 72
|x Architektura
|2 Konspekt
|9 21
|
| 080 |
|
|
|a 726.54:272
|2 MRF
|
| 080 |
|
|
|a 27-773
|2 MRF
|
| 080 |
|
|
|a 72/76.05
|2 MRF
|
| 080 |
|
|
|a 069
|2 MRF
|
| 080 |
|
|
|a 72/76:069
|2 MRF
|
| 080 |
|
|
|a (437.317)
|2 MRF
|
| 080 |
|
|
|a (036)
|2 MRF
|
| 100 |
1 |
|
|a Bukačová, Irena,
|d 1949-
|7 jn19981000358
|4 aut
|
| 245 |
1 |
0 |
|a Mariánská Týnice :
|b kostel Zvěstování Panny Marie s probošstvím : expozice Muzea a galerie severního Plzeňska /
|c [texty Irena Bukačová, Jiří Fák ; foto Václav Podestát]
|
| 246 |
3 |
|
|a Kostel Zvěstování Panny Marie s probošstvím - Mariánská Týnice
|
| 246 |
3 |
0 |
|a Expozice Muzea a galerie severního Plzeňska
|
| 260 |
|
|
|a [Mariánská Týnice] :
|b Nadační fond Mariánská Týnice,
|c 2012
|
| 300 |
|
|
|a 40 s. :
|b il. (převážně barev.). 1 plán ;
|c 21 cm
|
| 500 |
|
|
|a Název z obálky
|
| 648 |
|
7 |
|a 17.-21. století
|7 ch757027
|2 czenas
|
| 650 |
0 |
7 |
|a katolické kostely
|7 ph114895
|z Česko
|y 17.-21. stol.
|2 czenas
|
| 650 |
0 |
7 |
|a proboštství
|7 ph462054
|z Česko
|y 17.-21. stol.
|2 czenas
|
| 650 |
0 |
7 |
|a umělecká výzdoba
|7 ph136757
|2 czenas
|
| 650 |
0 |
7 |
|a muzea
|7 ph115380
|z Česko
|2 czenas
|
| 650 |
0 |
7 |
|a galerie
|7 ph120462
|z Česko
|2 czenas
|
| 650 |
0 |
9 |
|a Catholic churches
|z Czechia
|y 17th-21st centuries
|2 eczenas
|
| 650 |
0 |
9 |
|a provostships
|z Czechia
|y 17th-21st centuries
|2 eczenas
|
| 650 |
0 |
9 |
|a artistic decoration
|2 eczenas
|
| 650 |
0 |
9 |
|a museums
|z Czechia
|2 eczenas
|
| 650 |
0 |
9 |
|a art galleries
|z Czechia
|2 eczenas
|
| 655 |
|
7 |
|a průvodce
|7 fd133154
|2 czenas
|
| 655 |
|
9 |
|a guidebooks
|2 eczenas
|
| 610 |
2 |
7 |
|a Kostel Zvěstování Panny Marie (Mariánská Týnice, Kralovice, Plzeň-sever, Česko)
|7 kn20030429003
|2 czenas
|
| 610 |
2 |
7 |
|a Muzeum a galerie severního Plzeňska (Mariánská Týnice, Kralovice, Plzeň-sever, Česko)
|7 olak2002158676
|2 czenas
|
| 651 |
|
7 |
|a Mariánská Týnice (Kralovice, Plzeň-sever, Česko)
|7 ge160044
|2 czenas
|
| 651 |
|
9 |
|a Mariánská Týnice (Kralovice, Plzeň-sever, Czechia)
|2 eczenas
|
| 700 |
1 |
|
|a Fák, Jiří,
|d 1964-
|7 mzk2005282418
|4 aut
|
| 700 |
1 |
|
|a Podestát, Václav,
|d 1960-
|7 jn20010525234
|4 pht
|
| 910 |
2 |
|
|a BOA001
|b 2-1289.933
|
| 990 |
|
|
|a BK
|
| 995 |
|
|
|a 01
|
| 991 |
|
|
|b 201208
|c NOV
|e n
|
| 996 |
6 |
|
|b 2610518670
|c 2-1289.933
|l MZK
|r Sklad / do 1 hodiny
|n 2
|p p.v.
|w 001270000
|u 000010
|a 1
|e BOA001
|j MZK50
|s P
|